Loading...
| Fine Arts - Classical Music | 6 | 20.00 | 3,233% | 567% | 700% |
| Fine Arts - Other | 6 | 15.00 | 5,400% | 250% | 267% |
| Fine Arts - Painting & Sculpture | 6 | 18.33 | 5,117% | 400% | 533% |
| History - American | 3 | 20.00 | 1,633% | 600% | 833% |
| History - European | 2 | 25.00 | 2,450% | 800% | 800% |
| History - Other | 7 | 20.00 | 2,557% | 700% | 629% |
| History - World | 3 | 16.67 | 2,700% | 867% | 300% |
| Literature - American | 6 | 13.33 | 2,167% | 300% | 550% |
| Literature - British | 4 | 15.00 | 1,225% | 400% | 575% |
| Literature - European | 5 | 22.00 | 5,160% | 480% | 620% |
| Literature - World | 5 | 16.00 | 3,840% | 160% | 680% |
| Mythology | 2 | 25.00 | 6,400% | 400% | 800% |
| Other | 4 | 17.50 | 5,225% | 0% | 825% |
| Philosophy | 3 | 16.67 | 3,767% | 267% | 500% |
| Religion | 8 | 15.00 | 1,600% | 613% | 400% |
| Science - Biology | 6 | 16.67 | 2,950% | 383% | 567% |
| Science - Chemistry | 7 | 20.00 | 3,014% | 714% | 586% |
| Science - Other | 6 | 21.67 | 5,650% | 533% | 583% |
| Science - Physics | 5 | 20.00 | 5,500% | 480% | 500% |
| Social Science | 5 | 14.00 | 3,240% | 300% | 520% |